| 000 | 01366nam a2200229Ia 4500 | ||
|---|---|---|---|
| 003 | Ost | ||
| 005 | 20260507075738.0 | ||
| 008 | 260507s9999||||xx |||||||||||||| ||und|| | ||
| 020 | _a9953427585 | ||
| 040 | _cfsecg | ||
| 041 | _aara | ||
| 082 | _a338.7 | ||
| 100 |
_aالحمصي، على نديم _eمؤلف |
||
| 245 | 0 |
_aشركات المساهمة في ضوء القانون الوضعي والفقه الاسلامي / _c على نديم الحمصي |
|
| 260 |
_aبيروت: _bمجد المؤسسة الجامعية للدراسات والنشر والتوزيع, _c2003 |
||
| 300 |
_a336 صفحة؛ _bإيضاحات ؛ _c24 سم |
||
| 504 | _aفهرس الآيات القرآنية الكريمة ص.313 ؛ فهرس المصادر والمراجع ص.322 فهرس للأحاديث الشريفة ص.314 ؛ فهرس الإعلام ص.315 | ||
| 520 | _aنظام الشركات المساهمة في القانون الوضعي،معالم الشركات في القانون الوضعي،تنظيم الشركات المساهمة في القانون الوضعي،أوضاع الشركات المساهمة في الفقه الإسلامي،موقف الفقه الإسلامي من الشركات المساهمة | ||
| 653 | _aالشركات المساهمة | ||
| 653 | _aالشركات-قوانين وتشريعات | ||
| 942 | _cكتاب | ||
| 999 |
_c46118 _d46118 |
||